000 00406 a2200133 4500
020 _a9788776814663
040 _aDLC
_bDLC
100 _aAtherton, Derek
245 _aControl Engineering: An introduction with the use of Matlab
_cDerek Atherton
260 _aDenmark:
_bBook Boon,
_c2009.
300 _a155 p. :
_bill. ;
_c27 cm.
650 _a1.Atomatic Control. 2.Control Theory.
942 _cBK
_k629.8 ATH
_2ddc
999 _c10352
_d10352